|
|
|
|
| LEADER |
01206nam a2200253 a 4500 |
| 001 |
12516212 |
| 008 |
091210s2001 bg b 000 0 eng d |
| 999 |
|
|
|c 6041
|d 6041
|
| 010 |
|
|
|a 00440689
|
| 020 |
|
|
|z 98444511204
|
| 040 |
|
|
|a DLC
|c DLC
|d DLC
|
| 082 |
0 |
0 |
|a 331.3109549209047
|2 21
|
| 100 |
1 |
|
|a Sālāhauddina, Khāledā.
|9 31374
|
| 245 |
1 |
0 |
|a Child labour in Bangladesh :
|b the early years /
|c Khaleda Salahuddin.
|
| 260 |
|
|
|a Dhaka :
|b Palok Publishers & Bangladesh Women Writers Association,
|c 2001.
|
| 300 |
|
|
|a 80 p. ;
|c 23 cm.
|
| 504 |
|
|
|a Includes bibliographical references (p. 71-73).
|
| 541 |
1 |
|
|e 00012515
|
| 650 |
|
0 |
|a Child labor
|z Bangladesh.
|9 31375
|
| 710 |
2 |
|
|a Bangladesh Women Writers Association.
|9 31376
|
| 852 |
4 |
|
|a Ayesha Abed Library
|j General shelf
|
| 942 |
|
|
|2 ddc
|c BK
|
| 952 |
|
|
|0 0
|1 0
|2 ddc
|4 0
|6 331_310954920904700_SAL
|7 0
|9 6035
|a BRACUL
|b BRACUL
|c GEN
|d 2009-12-14
|g 0.00
|l 1
|o 331.3109549209047 SAL
|p 3010012515
|r 2020-01-27
|s 2020-01-20
|t 1
|w 2009-12-14
|y BK
|x No price found in the accession register.
|
| 952 |
|
|
|0 0
|1 0
|2 ddc
|4 0
|6 331_310954920904700_SAL
|7 0
|9 7735
|a BRACUL
|b BRACUL
|c GEN
|d 2010-02-03
|l 0
|o 331.3109549209047 SAL
|p 3010012518
|r 2010-02-03
|t 2
|w 2010-02-03
|y BK
|x Price not available in Register
|